[Event "AUTO-OPEN-3182"]
[Site "http://www.queenalice.com/game.php?id=1374559"]
[Date "2015.7.31"]
[Round "3"]
[White "toomchess"]
[Black "TheBigSid"]
[Result "0-1"]
[WhiteElo "2218"]
[BlackElo "2298"]

1. e4 e6 2. d4 d5 3. Nc3 Nf6 4. Bg5 Bb4 5. e5 h6 6. Bd2 Bxc3 7. bxc3 Ne4 8. Bd3
Nxd2 9. Qxd2 c5 10. f4 Nc6 11. Nf3 Qa5 12. dxc5 Qxc5 13. Nd4 Bd7 14. Rb1 Rb8 15.
Bb5 O-O 16. Rf1 Rfc8 17. Bxc6 Bxc6 18. Rf3 a6 19. g4 Qc4 20. a3 Bb5 21. Nxb5
axb5 22. h4 Qe4+ 23. Kf2 Rc5 24. Rb4 Qg6 25. Kg3 h5 26. f5 exf5 27. Rxf5 hxg4
28. Rg5 Qe6 29. Rbxg4 g6 30. h5 Rbc8 31. hxg6 Rxc3+ 32. Kh4 R8c4 33. gxf7+ Kxf7
34. Qf2+ Ke8 35. Rg8+ Qxg8 0-1

[Event "AUTO-MASTER-2239"]
[Site "http://www.queenalice.com/game.php?id=1375574"]
[Date "2015.8.5"]
[Round "2"]
[White "TheBigSid"]
[Black "Zugswang"]
[Result "1/2-1/2"]
[WhiteElo "2318"]
[BlackElo "2220"]

1. d4 Nf6 2. c4 c5 3. Nf3 g6 4. Nc3 cxd4 5. Nxd4 Nc6 6. g3 Bg7 7. Bg2 O-O 8. O-O
e5 9. Nxc6 dxc6 10. Qc2 Qe7 11. Rd1 Bf5 12. e4 Be6 13. b3 Nh5 14. Bb2 f5 15.
exf5 Bxf5 16. Be4 Rad8 17. Bxf5 gxf5 18. Rxd8 Qxd8 19. Rd1 Qe7 20. Qd2 e4 21.
Qd7 Qxd7 22. Rxd7 Rf7 23. Rd8+ Rf8 24. Rxf8+ Kxf8 25. Na4 Bxb2 26. Nxb2 Kf7 27.
Kf1 Kf6 28. Ke2 Ke5 29. Ke3 f4+ 30. gxf4+ Nxf4 31. Na4 b6 32. Nc3 Ng2+ 33. Kd2
h5 34. Ne2 h4 35. a3 a5 36. Nc3 h3 37. Na4 b5 38. cxb5 cxb5 39. Nc3 b4 40. axb4
axb4 41. Na2 Nh4 42. Nxb4 Nf3+ 43. Ke2 Nxh2 44. Nc2 Nf3 45. Kf1 Nd2+ 46. Kg1 Kf4
47. b4 Nf3+ 48. Kf1 Ke5 49. Ne3 Kd4 50. Nf5+ Kc4 51. Nd6+ Kd5 52. Nf5 Kc4 53. b5
Kxb5 54. Nd6+ Kc5 55. Nxe4+ Kd4 56. Ng3 1/2-1/2

[Event "AUTO-MASTER-2239"]
[Site "http://www.queenalice.com/game.php?id=1375575"]
[Date "2015.8.5"]
[Round "2"]
[White "Zugswang"]
[Black "TheBigSid"]
[Result "0-1"]
[WhiteElo "2183"]
[BlackElo "2285"]

1. e4 e6 2. d4 d5 3. Nd2 Nf6 4. e5 Nfd7 5. f4 c5 6. c3 Nc6 7. Ndf3 a6 8. Bd3 b5
9. Ne2 Qb6 10. Be3 cxd4 11. Bxd4 Bc5 12. Bxc5 Nxc5 13. Ned4 Nxd3+ 14. Qxd3 O-O
15. Nxc6 Qxc6 16. Nd4 Qc5 17. O-O b4 18. Rac1 a5 19. Rf2 Ba6 20. Qd2 bxc3 21.
Rxc3 Qb6 22. f5 exf5 23. Nxf5 Qe6 24. Qg5 Qxe5 25. Ne7+ Qxe7 26. Qxe7 Rae8 27.
Qd6 Re1+ 0-1

[Event "AUTO-MASTER-2239"]
[Site "http://www.queenalice.com/game.php?id=1375576"]
[Date "2015.8.5"]
[Round "2"]
[White "TheBigSid"]
[Black "GildemarSantos"]
[Result "1-0"]
[WhiteElo "2317"]
[BlackElo "2236"]

1. d4 Nf6 2. c4 e6 3. Nf3 d5 4. e3 b6 5. Nc3 Be7 6. Bd3 Bb7 7. O-O O-O 8. b3 c5
9. Bb2 cxd4 10. Nxd4 dxc4 11. Bxc4 Ne4 12. Nxe4 Bxe4 13. Qg4 Bg6 14. Rfd1 Qc7
15. Rac1 Qb7 16. h4 h5 17. Qh3 Qe4 18. Bd3 Qxh4 19. Bxg6 Qxh3 20. gxh3 e5 21.
Be4 exd4 22. Bxa8 dxe3 23. fxe3 Bc5 24. Bd4 Na6 25. Bxc5 Nxc5 26. Bf3 Re8 27.
Kf2 g6 28. b4 Ne6 29. Rd7 1-0

[Event "AUTO-MASTER-2239"]
[Site "http://www.queenalice.com/game.php?id=1375577"]
[Date "2015.8.5"]
[Round "2"]
[White "GildemarSantos"]
[Black "TheBigSid"]
[Result "0-1"]
[WhiteElo "2238"]
[BlackElo "2330"]

1. Nf3 d5 2. c4 Nf6 3. d4 c6 4. e3 Bg4 5. Be2 e6 6. O-O Bd6 7. b3 Nbd7 8. Bb2
Ne4 9. Nbd2 f5 10. Nxe4 fxe4 11. Nd2 Bxe2 12. Qxe2 O-O 13. Qg4 Qf6 14. h3 Qf5
15. Qxf5 exf5 16. cxd5 cxd5 17. Rac1 Rac8 18. Rxc8 Rxc8 19. Rc1 Rxc1+ 20. Bxc1
g5 21. f3 Kf7 22. Kf2 Ke6 23. Nb1 f4 24. Nc3 Nf6 25. a3 Kf5 26. Nb5 Bb8 27. a4
h5 28. Ba3 g4 29. Bd6 Bxd6 30. Nxd6+ Ke6 31. Nxb7 fxe3+ 32. Kxe3 exf3 33. gxf3
gxh3 34. Kf2 Nh7 35. Kg3 Ng5 36. f4 Ne4+ 37. Kxh3 Kf5 38. b4 Nc3 39. a5 Kxf4 0-1

[Event "AUTO-OPEN-3202"]
[Site "http://www.queenalice.com/game.php?id=1377141"]
[Date "2015.8.12"]
[Round "2"]
[White "forever"]
[Black "TheBigSid"]
[Result "0-1"]
[WhiteElo "1974"]
[BlackElo "2294"]

1. Nf3 d5 2. d4 c5 3. c3 e6 4. Bf4 Nc6 5. e3 Nf6 6. h3 Bd6 7. Ne5 O-O 8. Nd2 Qc7
9. Ndf3 Ne4 10. Bd3 f6 11. Nxc6 bxc6 12. Bh2 cxd4 13. exd4 c5 14. O-O Rb8 15. b3
cxd4 16. cxd4 Bd7 17. Re1 f5 18. Be5 Be8 19. Rc1 Qb6 20. Re2 Bh5 0-1

[Event "AUTO-OPEN-3202"]
[Site "http://www.queenalice.com/game.php?id=1377142"]
[Date "2015.8.12"]
[Round "2"]
[White "TheBigSid"]
[Black "forever"]
[Result "1-0"]
[WhiteElo "2296"]
[BlackElo "1971"]

1. d4 c5 2. Nf3 Nf6 3. g3 c4 4. Bg2 d5 5. O-O e6 6. c3 Bd6 7. Bg5 Nbd7 8. Nbd2
O-O 9. e4 e5 10. exd5 h6 11. Bxf6 Qxf6 12. Nxc4 Bc7 13. dxe5 Nxe5 14. Ncxe5 Bxe5
15. Nxe5 Qxe5 16. Re1 Qd6 17. c4 f5 18. Qd4 b6 19. Re5 Bb7 20. Rae1 Rf6 21. Re6
Qb4 22. a3 1-0

[Event "AUTO-OPEN-3202"]
[Site "http://www.queenalice.com/game.php?id=1384181"]
[Date "2015.9.19"]
[Round "3"]
[White "TheBigSid"]
[Black "fontaine"]
[Result "0-1"]
[WhiteElo "2384"]
[BlackElo "2669"]

1. d4 d5 2. c4 c6 3. e3 Nf6 4. Nc3 a6 5. c5 Nbd7 6. Nf3 e5 7. Be2 e4 8. Nd2 a5
9. O-O b6 10. cxb6 Bd6 11. f3 exf3 12. Bxf3 Qxb6 13. Kh1 Ba6 14. Rf2 O-O 15. Nf1
Rfe8 16. Ng3 g6 17. b3 Qc7 18. e4 Bxg3 19. hxg3 Qxg3 20. Qg1 Qh4+ 0-1

[Event "AUTO-OPEN-3202"]
[Site "http://www.queenalice.com/game.php?id=1384182"]
[Date "2015.9.19"]
[Round "3"]
[White "fontaine"]
[Black "TheBigSid"]
[Result "1-0"]
[WhiteElo "2663"]
[BlackElo "2375"]

1. e4 e6 2. d4 d5 3. Nd2 Nf6 4. e5 Nfd7 5. Bd3 c5 6. c3 Nc6 7. Ngf3 Qb6 8. O-O
cxd4 9. cxd4 Nxd4 10. Nxd4 Qxd4 11. Nf3 Qb6 12. Qa4 Be7 13. Bd2 a6 14. Qg4 g6
15. b4 h5 16. Qg3 Nb8 17. a3 Nc6 18. Be3 Qd8 19. h4 Bd7 20. Rac1 d4 21. Bf4 Rc8
22. Be4 Qb6 23. Bg5 Bxg5 24. Qxg5 Qd8 25. Qf4 Qe7 26. Rfd1 O-O 27. Qh6 f5 28.
Bxc6 Bxc6 29. Qxg6+ Qg7 30. Qxg7+ Kxg7 31. Nxd4 Bd5 32. Nxf5+ exf5 33. Rxc8 Rxc8
34. Rxd5 1-0

[Event "AUTO-OPEN-3448"]
[Site "http://www.queenalice.com/game.php?id=1385878"]
[Date "2015.9.27"]
[Round "2"]
[White "TheBigSid"]
[Black "carver"]
[Result "1-0"]
[WhiteElo "2376"]
[BlackElo "2028"]

1. d4 d5 2. c4 e6 3. e3 Nf6 4. Nf3 Bb4+ 5. Nc3 Nc6 6. Bd3 O-O 7. O-O h6 8. a3
Bxc3 9. bxc3 b6 10. a4 Na5 11. cxd5 exd5 12. Ne5 Qe8 13. Ba3 Nd7 14. Nxd7 Bxd7
15. Bxf8 Qxf8 16. Qh5 Qd6 17. e4 dxe4 18. Bxe4 Re8 19. Rfe1 Be6 20. Re3 Bd7 21.
Rae1 Re6 22. Bd5 Rg6 23. Bxf7+ Kxf7 24. Re7+ Kg8 25. Rxd7 Qc6 26. Rd8+ Kh7 27.
Qd5 Qxd5 28. Rxd5 Nc4 29. Rd7 Nd2 30. Re3 Rc6 31. Rg3 Ne4 32. Rdxg7+ 1-0

[Event "AUTO-OPEN-3448"]
[Site "http://www.queenalice.com/game.php?id=1385879"]
[Date "2015.9.27"]
[Round "2"]
[White "carver"]
[Black "TheBigSid"]
[Result "0-1"]
[WhiteElo "2032"]
[BlackElo "2327"]

1. d4 Nf6 2. c4 e6 3. a3 b6 4. Nf3 Bb7 5. e3 Be7 6. Nc3 Ne4 7. Bd3 Nxc3 8. bxc3
f5 9. O-O O-O 10. a4 a5 11. Ba3 Bxa3 12. Rxa3 d6 13. Be2 Nd7 14. Nd2 e5 15. d5
Ba6 16. f3 Qg5 17. e4 Nc5 18. Qb1 Qxd2 0-1

[Event "AUTO-MASTER-2261"]
[Site "http://www.queenalice.com/game.php?id=1390500"]
[Date "2015.10.23"]
[Round "2"]
[White "colognestar"]
[Black "TheBigSid"]
[Result "0-1"]
[WhiteElo "2296"]
[BlackElo "2375"]

1. b4 e5 2. Bb2 Bxb4 3. Bxe5 Nf6 4. Nf3 d5 5. e3 Bg4 6. h3 Bh5 7. g4 Bg6 8. g5
Nh5 9. c3 Bd6 10. Bxd6 Qxd6 11. d3 Nc6 12. Be2 h6 13. h4 Qe7 14. Qb3 O-O-O 15.
Nbd2 f5 16. gxf6 Nxf6 17. d4 Ne4 18. a4 Rhe8 19. a5 Nxf2 20. O-O Ng4 21. e4 Bxe4
22. Nxe4 Qxe4 23. Bb5 Qg6 24. h5 Qd6 25. a6 b6 26. Ne5 Ngxe5 27. dxe5 Rxe5 0-1

[Event "AUTO-MASTER-2261"]
[Site "http://www.queenalice.com/game.php?id=1390501"]
[Date "2015.10.23"]
[Round "2"]
[White "TheBigSid"]
[Black "colognestar"]
[Result "1/2-1/2"]
[WhiteElo "2377"]
[BlackElo "2301"]

1. d4 g6 2. c4 Bg7 3. Nc3 d6 4. e4 e5 5. dxe5 dxe5 6. Nf3 Qxd1+ 7. Nxd1 Nc6 8.
Be2 Bg4 9. Be3 O-O-O 10. O-O Nf6 11. Nc3 Nd4 12. Bg5 Nxe2+ 13. Nxe2 Bxf3 14.
gxf3 h6 15. Be3 Kb8 16. b4 Nh5 17. Rad1 f5 18. Nc3 c6 19. b5 Nf6 20. bxc6 bxc6
21. Bc5 Rhe8 22. exf5 gxf5 23. Rfe1 Rxd1 24. Rxd1 a6 25. Rb1+ Kc7 26. Na4 Nd7
27. Bb4 Re6 28. Ba5+ Kd6 29. Rd1+ Ke7 30. Bb4+ Ke8 31. Kf1 Rg6 32. Ke2 h5 33.
Nc5 Nxc5 34. Bxc5 Bf8 35. Bxf8 Kxf8 36. Rd8+ Ke7 37. Rh8 Rg5 38. h4 Rg6 39. Rxh5
Rf6 40. Rh8 Kd6 41. h5 Kc5 42. h6 Kxc4 43. h7 Rh6 44. Rc8 Rxh7 45. Rxc6+ Kd5 46.
Rxa6 Rb7 47. a4 Rb2+ 48. Kf1 Rb3 49. Kg2 f4 50. Ra8 Ra3 51. a5 Kc4 52. a6 Kb3
53. a7 Ka2 54. Re8 Rxa7 55. Rxe5 Rg7+ 56. Kh3 Kb3 57. Rf5 Kc3 58. Rxf4 Kd3 59.
Rg4 Rf7 60. Kg3 Ke2 61. Rg6 Rxf3+ 1/2-1/2

[Event "AUTO-MASTER-2261"]
[Site "http://www.queenalice.com/game.php?id=1390502"]
[Date "2015.10.23"]
[Round "2"]
[White "NatanEstivallet"]
[Black "TheBigSid"]
[Result "0-1"]
[WhiteElo "2161"]
[BlackElo "2378"]

1. e4 e6 2. d4 d5 3. exd5 exd5 4. c4 Nf6 5. Nf3 c6 6. Nc3 Bb4 7. Be2 O-O 8. O-O
Re8 9. Bg5 Be7 10. Qc2 Be6 11. c5 Nbd7 12. Bd3 Nf8 13. b4 a6 14. Na4 N6d7 15.
Bf4 Ng6 16. Bg3 Bg4 17. Ne5 Ndxe5 18. dxe5 Bh4 19. Rae1 Bxg3 20. fxg3 Nf8 21.
Rf4 Bh5 22. Nc3 Bg6 23. Nd1 Ne6 24. Rf2 Qg5 25. Ref1 Re7 26. Bxg6 hxg6 27. Re1
Rae8 28. Qd3 Nd8 29. Rfe2 Rxe5 30. Rxe5 Rxe5 31. Rxe5 Qxe5 32. a3 Ne6 33. Ne3
Nd4 34. g4 Nb5 35. g3 Qa1+ 36. Kg2 Qxa3 37. Qxa3 Nxa3 38. Kf3 f6 39. h4 Kf7 40.
Kf4 Ke6 41. h5 d4 42. Nd1 gxh5 43. gxh5 Nc2 0-1

[Event "AUTO-MASTER-2261"]
[Site "http://www.queenalice.com/game.php?id=1390503"]
[Date "2015.10.23"]
[Round "2"]
[White "TheBigSid"]
[Black "NatanEstivallet"]
[Result "1/2-1/2"]
[WhiteElo "2383"]
[BlackElo "2148"]

1. d4 Nf6 2. c4 g6 3. Nc3 d5 4. Bf4 Bg7 5. e3 O-O 6. Nf3 c5 7. h3 cxd4 8. Nxd4
Nh5 9. Bh2 Nf6 10. cxd5 Nxd5 11. Rc1 Qa5 12. Qb3 Nxc3 13. Qxc3 Qxc3+ 14. Rxc3
Bxd4 15. exd4 Na6 16. Bxa6 bxa6 17. Ke2 Be6 18. b3 Rfc8 19. Rhc1 Rxc3 20. Rxc3
Rc8 21. Rxc8+ Bxc8 22. Bb8 Bb7 23. g3 Kf8 24. Bxa7 Ke8 25. Kd3 Bd5 26. Kc3 Kd7
27. Kb4 Kc6 28. Ka5 Kb7 29. Bc5 e6 30. Kb4 Bg2 31. h4 Bf3 32. Be7 Bd5 33. Kc5
Kc7 34. Bf6 Bf3 35. Be5+ Kd7 36. Kb6 Be2 37. b4 Ke7 38. a4 f6 39. Bb8 Kd7 40. b5
Kc8 41. Ba7 axb5 42. axb5 Bf3 43. Kc5 Kc7 44. Kb4 h5 45. Bc5 g5 46. Be7 gxh4 47.
gxh4 f5 48. Kc5 Bd5 49. b6+ Kd7 50. Bg5 Bc6 51. Bf4 Bb7 52. Bc7 Be4 53. Kc4 Bd5+
54. Kd3 Kc6 55. Ke3 Kb7 56. Kf4 Be4 57. Kg5 Bf3 58. Kf6 Bd5 59. Ke7 Bb3 60. Kf6
1/2-1/2

[Event "AUTO-MASTER-2239"]
[Site "http://www.queenalice.com/game.php?id=1394033"]
[Date "2015.11.13"]
[Round "3"]
[White "TheBigSid"]
[Black "toomchess"]
[Result "1/2-1/2"]
[WhiteElo "2381"]
[BlackElo "2188"]

1. d4 Nf6 2. c4 c5 3. Nf3 e6 4. Nc3 cxd4 5. Nxd4 d5 6. e3 Nc6 7. Nxc6 bxc6 8.
Be2 Bb4 9. O-O Bxc3 10. bxc3 Ne4 11. Qc2 Ba6 12. cxd5 Bxe2 13. Qxe2 cxd5 14. c4
O-O 15. cxd5 Qxd5 16. Bb2 Rac8 17. Rac1 Qxa2 18. Ra1 Qb3 19. Rxa7 Rc2 20. Qg4
Qxb2 21. Qxe4 h6 1/2-1/2

[Event "AUTO-MASTER-2239"]
[Site "http://www.queenalice.com/game.php?id=1394034"]
[Date "2015.11.13"]
[Round "3"]
[White "toomchess"]
[Black "TheBigSid"]
[Result "0-1"]
[WhiteElo "2155"]
[BlackElo "2372"]

1. e4 e6 2. d4 d5 3. Nc3 Nf6 4. Bg5 Bb4 5. e5 h6 6. Bd2 Bxc3 7. bxc3 Ne4 8. Bd3
Nxd2 9. Qxd2 c5 10. Nf3 Nc6 11. O-O Qa5 12. Rab1 cxd4 13. cxd4 Qxd2 14. Nxd2
Nxd4 15. c4 dxc4 16. Nxc4 O-O 17. Be4 Rb8 18. Rfd1 Ne2+ 19. Kf1 Nc3 20. Nd6 b6
21. Rdc1 Ba6+ 22. Ke1 Nxb1 23. Rxb1 f6 24. f4 fxe5 25. f5 Rbd8 26. Rd1 exf5 27.
Bxf5 Rxd6 28. Rxd6 Rxf5 29. Rd7 Rf7 0-1

[Event "AUTO-OPEN-3448"]
[Site "http://www.queenalice.com/game.php?id=1394588"]
[Date "2015.11.17"]
[Round "3"]
[White "TheBigSid"]
[Black "mathematician1961"]
[Result "0-1"]
[WhiteElo "2385"]
[BlackElo "2762"]

1. d4 Nf6 2. c4 e6 3. Nf3 b6 4. g3 Bb7 5. Bg2 Bb4+ 6. Bd2 Be7 7. O-O c6 8. Nc3
d5 9. b3 O-O 10. Qc2 dxc4 11. bxc4 c5 12. dxc5 Bxc5 13. Rfd1 Nbd7 14. Bf4 Qc8
15. Rac1 Ng4 16. Rf1 e5 17. Bd2 f5 18. Nd5 e4 19. Ng5 Ndf6 20. Nxf6+ Rxf6 21.
Bc3 Rd6 22. e3 Nxe3 23. fxe3 Bxe3+ 24. Kh1 Bxg5 25. Rb1 Qxc4 26. Qb2 g6 27. Be5
Rd2 28. Qa3 Rxg2 0-1

[Event "AUTO-OPEN-3448"]
[Site "http://www.queenalice.com/game.php?id=1394589"]
[Date "2015.11.17"]
[Round "3"]
[White "mathematician1961"]
[Black "TheBigSid"]
[Result "1-0"]
[WhiteElo "2755"]
[BlackElo "2376"]

1. e4 e6 2. d4 d5 3. exd5 exd5 4. Nf3 Bg4 5. h3 Bh5 6. Qe2+ Be7 7. Qb5+ Nd7 8.
Qxd5 Ngf6 9. Qb3 O-O 10. Be2 c5 11. O-O b6 12. Rd1 Qc7 13. Nc3 cxd4 14. Nxd4 Nc5
15. Qc4 Bg6 16. Bf3 Rac8 17. Ncb5 Qb8 18. Nc6 Rxc6 19. Bxc6 Rc8 20. Bf4 1-0